000 00979nam a2200253Ia 4500
003 OSt
005 20201029152116.0
008 191128t1970 m ad gr 001 0 spa d
040 _aCO-JMCR
_cCO-JMCR
041 0 _aspa
082 0 4 _a658.5 /
_bT584s
_223
100 1 _aTimms, Howard L. ,
_eautor
_912234
245 1 0 _aSistemas de decisión gerencial /
_cHoward L. Timms ; [traducción, Juan Thomas]
260 _aMéxico :
_bCentro Regional de Ayuda Técnica,
_c©1970
300 _a174 páginas :
_bilustraciones y gráficas a blanco y negro ;
_c19 cm.
490 0 _aBiblioteca de ciencias económicas. Serie de sistemas de control gerencial
500 _aIncluye índices de autores y temático.
650 1 4 _aAnálisis de sistemas Industria
_912235
650 1 4 _aEmpresas
_xdirección y administración
_912016
650 1 4 _aOrganización industrial
_912236
650 2 4 _aDecisiones económicas
_912036
700 1 _aThomas, Juan,
_etraductor
_912237
942 _2ddc
_cBK
999 _c4428
_d4428